Estadísticas climatológicas : Ing. White-Bahía Blanca-Buenos Aires-Argentina, período 1980-1989 /

Guardado en:
Autor Principal: Varela, Pedro A.
Formato: Libro
Idioma:English
Publicado: Bahía Blanca : CERZOS, 1993.
Etiquetas: Agregar Etiqueta
Sin Etiquetas, Sea el primero en etiquetar este registro!
LEADER 00501nam a22001335a 4500
001 EEA.libagro002736
005 20160929094055.0
008 130809s1993####ag#a##########000#0#eng#d
082 0 4 |a 551.6982123 
100 1 |a Varela, Pedro A. 
245 1 0 |a Estadísticas climatológicas :  |b Ing. White-Bahía Blanca-Buenos Aires-Argentina, período 1980-1989 /  |c Pedro A. Varela. 
260 |a Bahía Blanca :  |b CERZOS,  |c 1993. 
300 |a 52 h. :  |b il. ;  |c 28 cm. 
859 |a AR-BbBCA  |b BIB. AGRONOMIA  |h 551.6982123  |i V293 EXTR.  |p C1993/0331